000 00928cam a2200253 4500
001 WB3605-30
008 000000n2000 000 0 eng u
035 _a(Sirsi) u103997
245 _aFirms form one-stop 'virtual company'
260 _c2000
490 _aBuilding
_v 65(8121) 28 January 2000, 14(1)
520 _aThree of construction's leading players are working together to establish a one-stop service for clients, covering a range of topics including office design, facilities management and construction. The company, to be known as Prop.com will communicate only through email.
590 _aWB
650 _aPROP.COM
650 _aONE-STOP SHOPS
650 _aVIRTUAL CORPORATIONS
650 _aEBUSINESS
650 _aCONSTRUCTION COMPANIES
650 _aWS ATKINS
650 _aMANSELL
650 _aDRAKE & SCULL
690 _aMANAGEMENT-BUSINESS MANAGEMENT-PROFESSIONAL PRACTICE
942 _n0
999 _c62416
_d62416